00415nam a22001097a 4500040000900000082001200009100006700021110004200088245011600130260004400246650001500290 cNUST a220 PRO aUsama Irfan Muhammad Zubair Muhammad Ahab Sultan Asbaat Ahmad  cProject Supervisor: Dr. Rashid Naseer aPR-SOF-2174- Design and Manufacturing of A Small-Scale Energy Harvesting Demonstration Model For Vibrations Lab aISLAMABAD:bNUST COLLEGE OF EME,c2022. aDE-MECH-40